|
|
|
|
| LEADER |
01697nam a2200301 a 4500 |
| 001 |
GR-Patra2639 |
| 008 |
991022s gr 000 0 gre d |
| 020 |
|
|
|a 9603310700
|
| 040 |
|
|
|a GrPaTEI
|b gre
|c GR-PaULI
|
| 245 |
0 |
0 |
|a Σχεδιογραφία ηλεκτρολογικού σχεδίου ΙΙ.
|
| 260 |
|
|
|a Αθήνα :
|b Ευρωπαϊκές Τεχνολογικές Εκδόσεις,
|c c1993
|
| 300 |
|
|
|a χωρίς αρίθμηση :
|b πίν., σχεδ.
|
| 490 |
1 |
|
|a ΒΙΒΛΙΟΘΗΚΗ ΤΟΥ ΗΛΕΚΤΡΟΛΟΓΟΥ
|
| 650 |
|
4 |
|a ΗΛΕΚΤΡΟΛΟΓΙΚΟ ΣΧΕΔΙΟ
|
| 650 |
|
4 |
|a ΣΧΕΔΙΟΓΡΑΦΙΑ
|
| 653 |
|
|
|a ΗΛΕΚΤΡΟΛΟΓΙΚΟ ΣΧΕΔΙΟ - ΣΧΕΔΙΟΓΡΑΦΙΑ
|
| 700 |
1 |
|
|a Beer, Ulrich
|
| 700 |
1 |
|
|a Fundel, Georg
|
| 700 |
1 |
|
|a Huber, Oskar
|
| 700 |
1 |
|
|a Φωτιάδης, Νίκος
|
| 710 |
0 |
|
|a Ευρωπαϊκές Τεχνολογικές Εκδόσεις
|
| 830 |
|
0 |
|1 00111797
|1 2001
|a Βιβλιοθήκη του ηλεκτρολόγου
|
| 942 |
|
|
|2 ddc
|
| 952 |
|
|
|0 0
|1 0
|2 ddc
|4 0
|6 621_302210000000000_ΣΧΕ
|7 0
|9 284468
|a LISK
|b LISK
|c BSC
|d 2021-01-17
|e 24
|f 0
|g 0.00
|l 0
|o 621.30221 ΣΧΕ
|p 9241007537
|r 2021-01-17 00:00:00
|t 1
|w 2021-01-17
|y BK15
|x 19991024 0 1
|x GrPaTEI
|
| 952 |
|
|
|0 0
|1 0
|2 ddc
|4 0
|6 621_302210000000000_ΣΧΕ
|7 0
|9 284469
|a LISK
|b LISK
|c BSC
|d 2021-01-17
|e 24
|f 0
|g 0.00
|l 0
|o 621.30221 ΣΧΕ
|p 9241008400
|r 2021-01-17 00:00:00
|t 1
|w 2021-01-17
|y BK15
|x 19991024 0 1
|x GrPaTEI
|
| 952 |
|
|
|0 0
|1 0
|2 ddc
|4 0
|6 621_302210000000000_ΣΧΕ
|7 0
|9 284470
|a LISK
|b LISK
|c BSC
|d 2021-01-17
|e 24
|f 0
|g 0.00
|l 0
|o 621.30221 ΣΧΕ
|p 9241009045
|r 2021-01-17 00:00:00
|t 1
|w 2021-01-17
|y BK15
|x 19991024 0 1
|x GrPaTEI
|
| 971 |
|
|
|a .b26501417
|b 16-04-20
|c 23-09-16
|
| 999 |
|
|
|c 165551
|d 165551
|